000 00606nam a2200229Ia 4500
003 OSt
005 20221006165018.0
006 a|||||r|||| 00| 0
007 ta
008 221006b |||||||| |||| 00| 0 eng d
024 _a1,064
037 _cTextual
040 _aFML
_cFML
_beng
041 _2eng
_aeng
082 _aNR44,1, P4
100 _aIyer Padma Au.
_9678290
245 0 _aMusic Perception and Congnition
260 _aNew Delhi
_bVishvabharati Publication
_c2004
300 _a252
_ccm.
942 _hNR44,1, P4
_cTEXL
_2CC
999 _c1119283
_d1119283